00331nam a2200097Ia 4500008004100000245010300041245001900144260000900163650001300172856004800185171211s9999 xx 000 0 und d aReducing Inequality for Shared Growth in China: Strategy and Policy Options for Guangdong Province cThe World Bank c2010 xBUSINESS uhttp://down.ebook777.com/062/0821384848.pdf